000 00930nam a2200265 i 4500
001 150066
003 ES-MaACL
005 20260202131119.0
007 t|
008 071026s1913 sp ||||1| spa d
080 _a 821.134.2-23"19"
100 1 _aValle-Inclán, Ramón del,
_d1866-1936
_eaut
_9112796
245 1 3 _aEl embrujado :
_btragedia de tierras de Salnes /
_cla escribió Ramón del Valle-Inclán.
260 _aMadrid :
_b Perlado, Páez y Compañía,
_c1913
300 _a146 p. :
_bil. ;
_c18 cm.
490 1 _aOpera omnia ;
_v4
530 _aDisponible en formato digital
655 0 _aTeatro
_9234794
830 0 _aOpera omnia ;
_v4
_9187581
852 _aES-MaACL
_cSPB
_jB-3716
856 4 _uhttps://bdh-rd.bne.es/viewer.vm?id=0000236291&page=1
_yVersión en línea
_zBiblioteca Digital Hispánica
942 _2udc
_cMONOGRAFIA
_n0
999 _c150066
_d150066